| 000 | 00965cam a2200241 a 4500 | ||
|---|---|---|---|
| 001 | 000010896 | ||
| 005 | 20200929162319.0 | ||
| 008 | 820521s1967 sp a 001 0 spa d | ||
| 040 |
_aDO-SdBNP _bspa _cCarP _dDLC |
||
| 082 |
_annn _bM475e |
||
| 100 | 1 |
_aMaza, Jesús de la _926266 |
|
| 245 | 1 | 3 |
_aEl empleo de la tracción animal en los aprovechamientos forestales / _cJesús de la Maza, Luis M. Elvira Martín, Miguel García Fuentes. |
| 260 |
_aMadrid, (España) : _bMinisterio de Cultura, _bInstituto Forestal de Investigaciones y Experiencias, _c1967. |
||
| 300 |
_a195 p. : _bil. ; _c25 cm. |
||
| 504 | _aIncluye referencias bibliográficas (p. 193-194). | ||
| 650 | 4 |
_aMadera _xTransportación _926267 |
|
| 650 | 4 |
_aProyecto de animales _zEspaña _926268 |
|
| 650 | 4 |
_aExplotación forestal _zEspaña _926269 |
|
| 700 | 1 |
_aElvira Martín, Luis M. _926270 |
|
| 700 | 1 |
_aGarcía Fuentes, Miguel _926271 |
|
| 910 | _aCatalogación por copia / LC | ||
| 049 | _aBNGR | ||
| 999 |
_c10636 _d10636 |
||